000
00294nam a2200133Ia 4500
100
_a
Davis/ H.F/ Snider /A.D
942
_c
BK
245
_a
Introduction to Vector Analysis
260
_b
Universal Book Stall
082
_a
515.63
_b
DAV/SNI
300
_a
365
546
_a
ENGLISH
999
_c
25946
_d
25946